| 000 | 00855nam a2200253 i 4500 | ||
|---|---|---|---|
| 001 | 9736 | ||
| 003 | ES-MaACL | ||
| 005 | 20250822061904.0 | ||
| 007 | t| | ||
| 008 | 931209s1991 sp ||||1| spa d | ||
| 020 | _a84-239-3866-2 | ||
| 080 | _a86-23"19" | ||
| 080 | _a86(Valle-Inclán,R.7 D.01) | ||
| 100 | 1 |
_aValle-Inclán, Ramón del, _d1866-1936 _9112796 |
|
| 245 | 1 | 0 |
_aDivinas palabras _b: tragicomedia de aldea / _cRamón del Valle-Inclán ; edición crítica de Luis Iglesias Feijoo. |
| 260 |
_aMadrid : _bEspasa-Calpe, _cD.L.1991. |
||
| 300 |
_a402 p. ; _c20 cm. |
||
| 490 | 1 |
_aClásicos castellanos ; _v26 |
|
| 504 | _aBibliografía: p.87-106. | ||
| 700 | 1 |
_aIglesias Feijoo, Luis. _965110 |
|
| 830 | 0 | 0 |
_aClásicos castellanos (Espasa-Calpe) _v26 _9183802 |
| 852 |
_aES-MaACL _jL-17035 _bR.121919 |
||
| 999 |
_c9736 _d9736 |
||